Adónde va el control de la natalidad?

Uloženo v:
Podrobná bibliografie
Hlavní autor: Mattelart, Armand (autor)
Médium: Kniha
Jazyk:španělština
Vydáno: Santiago Universitaria 1967
Vydání:1a. ed
Edice:Problemas de Nuestro Tiempo, 1
Témata:
Tagy: Přidat tag
Žádné tagy, Buďte první, kdo vytvoří štítek k tomuto záznamu!

MARC

LEADER 00000cam a2200000 a 4500
001 UCE7307
003 CL-VaPUC
008 150605e19670000cl |||||||||||||||||spa|d
082 0 4 |a 613.94  |b MAT  |2 21 
100 |a Mattelart, Armand  |e autor  |9 600350 
245 1 0 |a Adónde va el control de la natalidad? 
250 |a 1a. ed 
300 |a 223 p 
942 |c BK 
945 |d 20150605 14:50:00  |a dcastane 
260 |a Santiago  |b Universitaria  |c 1967 
650 7 |a CONTROL DE LA NATALIDAD  |2 CL-VaPUC  |9 308234 
650 0 |a Demografía   |9 260008 
650 0 |a Geopolítica  |9 313921 
583 |a last modification  |c 20150605 14:50:00  |k Rodrigo Vera 
490 0 |a Problemas de Nuestro Tiempo, 1 
999 |c 359408  |d 359406 
952 |0 0  |1 0  |3 erb  |4 0  |6 613_940000000000000_MAT_1967  |7 0  |8 A  |9 468595  |a BIBHIS  |b BIBHIS  |i 5162491  |l 1  |o 613.94 MAT 1967  |p 5162491  |r 2025-01-20  |s 2024-05-23  |w 2019-11-23  |y BK  |z Catalogado en:20150605  |k HIS